000 00167nam a22000857a 4500
003 SGT
245 _aWHO DRUG INFORMATION
260 _bWHO
_c2015 TO 2017
942 _2ddc
_cBV
999 _c24396
_d24396